|
|
|
|
| LEADER |
000002am a2200000 a 4500 |
| 001 |
vtls001382594 |
| 003 |
SK-MaSNL |
| 005 |
20260425234812.0 |
| 008 |
180813s1960 xo 0 0 ukr |
| 035 |
|
|
|a SNK000336646
|
| 040 |
|
|
|a SNK
|b slo
|c SNK
|e AACR2
|
| 041 |
|
|
|a ukr
|
| 044 |
|
|
|a xo
|c SK
|
| 080 |
|
|
|a (=161.2)
|2 2011
|
| 080 |
|
|
|a 002.2(=161.2)+908(477)
|2 2001
|
| 080 |
|
|
|a (437.6)
|2 2011
|
| 080 |
|
|
|a (01)
|2 2011
|
| 245 |
1 |
0 |
|a O živote Ukrajincov na Slovensku
|b bibliografia o budovateľskej práci Ukrajincov na Slovensku
|n Roč. II., č. 1-4
|c [zost. Anna Krajňaková]
|
| 246 |
3 |
1 |
|a Z žyttja ukrajinciv na Slovaččyni
|
| 260 |
|
|
|a Prešov
|b ŠVK
|c 1960
|
| 300 |
|
|
|a 165 s.
|
| 650 |
0 |
7 |
|a Ukrajinci
|2 SNKPH
|9 19025
|
| 650 |
0 |
7 |
|a ukrajiniká
|2 SNKPH
|9 78515
|
| 651 |
|
7 |
|a Slovensko
|2 SNKPHgeo
|9 14231
|
| 655 |
|
7 |
|a bibliografie
|2 SNKPH
|9 28668
|
| 700 |
1 |
|
|a Krajňáková, Anna,
|d 1919-2006
|4 com
|9 276826
|
| 958 |
|
|
|a OND
|
| 999 |
|
|
|c 809338
|d 811268
|
| 952 |
|
|
|t P60, <03>, [BOOK], {603}
|a SNK
|b SNK
|y PREZ
|7 0
|p 17A0227924
|o snkSC 42652
|0 0
|1 0
|4 0
|d 2000-02-09
|l 0
|r 2025-10-21 00:00:00
|w 2026-02-24
|
| 952 |
|
|
|a SNK
|b SNK
|y NEVYP
|7 1
|p 17A0950434
|o snkSC 42652 D1
|i snkF 1544/82
|8 5
|0 0
|1 0
|4 0
|d 2014-09-09
|l 0
|r 2026-02-24 02:31:37
|w 2026-02-24
|